Going glocal : Cultural dimensions in Malaysian management

Bibliographic Details
Main Author: ASMA Abdullah
Corporate Author: Institut Pengurusan Malaysia
Format: Book
Published: Kuala Lumpur : Institut Pengurusan Malaysia , 1996
Subjects:

MARC

LEADER 00000cam a2200000 7i4500
001 0000000304
005 20010920.0
020 0 0 |a 9839065041 
090 0 0 |a 658.009595bASM 1996 
100 0 0 |a ASMA Abdullah 
245 1 0 |a Going glocal :   |b Cultural dimensions in Malaysian management   |c Asma Abdullah 
260 0 0 |a Kuala Lumpur :   |b Institut Pengurusan Malaysia ,   |c 1996 
300 |a xx, 271 p. :   |b ill. ;   |c 22 cm. 
500 0 0 |a Bibliography: [p. 261-265] and index 
650 0 0 |a Corporate culture   |z Malaysia 
650 0 0 |a Management   |z Malaysia 
650 0 0 |a Wawasan 2020 
710 1 1 |a Institut Pengurusan Malaysia 
998 |a JPSM 
999 |a 0000001395   |b Monograph   |c Open Shelf   |e Default branch